The dentist's quick guide to medical conditions / (Record no. 22730)
[ view plain ]
| 000 -LEADER | |
|---|---|
| fixed length control field | 01456cam a22002895a 4500 |
| 001 - CONTROL NUMBER | |
| control field | 18221121 |
| 005 - DATE AND TIME OF LATEST TRANSACTION | |
| control field | 20161020113510.0 |
| 008 - FIXED-LENGTH DATA ELEMENTS--GENERAL INFORMATION | |
| fixed length control field | 140709s2015 iaua frb 001 0 eng d |
| 020 ## - INTERNATIONAL STANDARD BOOK NUMBER | |
| International Standard Book Number | 9781118710111 (pbk.) |
| 040 ## - CATALOGING SOURCE | |
| Original cataloging agency | EG-ScBUE |
| Language of cataloging | eng |
| Transcribing agency | EG-ScBUE |
| Modifying agency | EG-ScBUE |
| 082 04 - DEWEY DECIMAL CLASSIFICATION NUMBER | |
| Classification number | 617.6 |
| Edition number | 22 |
| Item number | WEI |
| 100 1# - MAIN ENTRY--PERSONAL NAME | |
| Personal name | Weinberg, Mea A. |
| 245 14 - TITLE STATEMENT | |
| Title | The dentist's quick guide to medical conditions / |
| Statement of responsibility, etc | Mea A. Weinberg, Stuart L. Segelnick, Joseph S. Insler. |
| 260 ## - PUBLICATION, DISTRIBUTION, ETC. (IMPRINT) | |
| Place of publication, distribution, etc | Ames ; |
| -- | Chishester ; |
| -- | Oxford : |
| Name of publisher, distributor, etc | John Wiley & Sons Inc., |
| Date of publication, distribution, etc | 2015. |
| 300 ## - PHYSICAL DESCRIPTION | |
| Extent | xiii, 282 p. ; |
| Other physical details | ill. ; |
| Dimensions | 26 cm. |
| 500 ## - GENERAL NOTE | |
| General note | Index : p. 274-282. |
| 504 ## - BIBLIOGRAPHY, ETC. NOTE | |
| Bibliography, etc | Includes bibliographical references. |
| 505 0# - FORMATTED CONTENTS NOTE | |
| Formatted contents note | Gastrointestinal disorders -- Medical conditions of the respiratory system -- Disorders of the urinary system -- Diseases of the endocrine system -- Disorders of the cardiovascular system -- Pregnancy, lactation and oral contraceptive -- Disorders of the liver and gall bladder -- Diseases of the neurological system -- Psychiatric disorders -- Bleeding disorders and drugs that cause bleeding -- Blood disorders -- Disorders of the musculoskeletal system -- HIV and oral care -- Radiation and chemotherapy. |
| 590 ## - LOCAL NOTE (RLIN) | |
| Local note | SAMEH |
| 650 #7 - SUBJECT ADDED ENTRY--TOPICAL TERM | |
| Topical term or geographic name as entry element | Signs and Symptoms. |
| Source of heading or term | BUEsh |
| 9 (RLIN) | 27254 |
| 650 #7 - SUBJECT ADDED ENTRY--TOPICAL TERM | |
| Topical term or geographic name as entry element | Dental Care. |
| Source of heading or term | BUEsh |
| 9 (RLIN) | 35939 |
| 650 #7 - SUBJECT ADDED ENTRY--TOPICAL TERM | |
| Topical term or geographic name as entry element | Therapeutics. |
| Source of heading or term | BUEsh |
| 9 (RLIN) | 39366 |
| 653 ## - INDEX TERM--UNCONTROLLED | |
| Resource For college | |
| Arrived date list | October2016 |
| 700 1# - ADDED ENTRY--PERSONAL NAME | |
| Personal name | Segelnick, Stuart L. |
| 700 1# - ADDED ENTRY--PERSONAL NAME | |
| Personal name | Insler, Joseph S. |
| 942 ## - ADDED ENTRY ELEMENTS (KOHA) | |
| Source of classification or shelving scheme | Dewey Decimal Classification |
| Withdrawn status | Item status | Source of classification or shelving scheme | Damaged status | Not for loan | Vendor | Home library | Current library | Shelving location | Date acquired | Source of acquisition | Cost, normal purchase price | Serial Enumeration / chronology | Total Checkouts | Total Renewals | Full call number | Barcode | Date last seen | Date last borrowed | Cost, replacement price | Koha item type |
|---|---|---|---|---|---|---|---|---|---|---|---|---|---|---|---|---|---|---|---|---|
| Dewey Decimal Classification | Academic Bookshop | Central Library | Central Library | First floor | 20/10/2016 | Purchase | 504.00 | 9126 | 5 | 67 | 617.6 WEI | 000034218 | 15/07/2025 | 03/01/2021 | 630.00 | Book - Borrowing |